000 00876nam a22002417i 4500
999 _c23599
_d23599
003 AR-CdUCM
008 260407b20222022 pe||||| |||| 00| 0 spa d
020 _a978-912-331-031-8
040 _aMUNICIPALIDAD PROVINCIAL DEL CUSCO
_cBIBLIOTECA MUNICIPAL DEL CUSCO
041 _hspa
082 _a468.2
_bS17
100 _aSaldaña Fernández, Cesar Gilberto
_952546
245 _aManual de redacción académica universitaria /
260 _aLima-Perú:
_bUniversidad Ricardo Palma-Editorial Universitaria
_c2022
300 _a134 páginas. :
_c24x17 cm.
500 _zpágina 134
505 _aQue es el párrafo académico? -- Estructura del párrafo -- El tema general -- Como formular su oración -- Tipos de párrafos
650 _aPárrafo
_952547
650 _aEnsayo
_9274
650 _aTipos de ensayo
_952548
942 _2ddc
_cLIBROS
945 _apbjr
_d07-04-2026